Responses for Show #5216 - Monday, April 23, 2007

Contestants

[<< previous game]

Victor Lee, a recent college graduate from Leonia, New Jersey

Mary Beth Kinnon, a sales support specialist from Cecil County, Maryland

Laura Wimberley, a college teaching assistant originally from Wilmington, Delaware (whose 1-day cash winnings total $4,800)

[next game >>]

Jeopardy! Round responses

THE ROARING '20s
CAPITAL CITY BIRTHPLACES
IT'S A DOG'S LIFE
FUN STUFF
HARVARD, YALE, OR PRINCETON
THE "IV" LEAGUE
    $200 1
the Charleston

Victor
    $200 21
Rome

Mary Beth
    $200 22
a Great Dane

Laura
    $200 3
a key

Laura
    $200 16
Harvard

Victor
    $200 11
a civil war

Laura
    $400 2
Miss America

Mary Beth
    $400 23
(Mary Beth: What is Berlin?)

London

Mary Beth
Triple Stumper
    $400 24
(Kim) Cattrall

Victor
    $400 7
a sharpener

Mary Beth
    $400 17
(Mary Beth: What is Princeton?)

Yale

LauraMary Beth
    $400 12
trivia

Victor
    $600 4
Doolittle

Victor
    $600 28
Berlin

Victor
    $600 25
Toy

Victor
    $600 8
Rock 'Em Sock 'Em Robots

Victor
    $600 18
(Victor: What is Yale?)

Princeton

LauraVictor
    $600 13
forgive

Laura
    $800 5
(Jack) Dempsey

Victor
    $800 29
Stockholm

Victor
    $800 26
Chesapeake Bay

Mary Beth
    $800 9
the barn

Mary Beth
    $800 19
Harvard

Victor
    $800 14
a rival

Victor
    $1000 6
(Mary Beth: What is Iditarod?)
...
(Alex: They raced to [*], Alaska.)

Nome

Mary Beth
Triple Stumper
    $1000 30
[Alex reads the clue as "Nineteen Uhhhhhhh?"]

Budapest

Laura
    $1000 27
a mastiff

Laura
    $1000 10
Ghirardelli

Mary Beth
    $1,000 20
(Victor: What is Yale?)

Princeton

Victor
    $1000 15
punitive

Laura

Scores at the first commercial break (after clue 15):

Laura Mary Beth Victor
$2,000 $1,600 $3,400

Scores at the end of the Jeopardy! Round:

Laura Mary Beth Victor
$5,200 $1,800 $5,200

Double Jeopardy! Round responses

THE NEW YORK TIMES BOOK REVIEW
SITCOMS BY EPISODE
THE STARS
COMPUTER NAMES
LOUNGING AT THE OPERA
4-SYLLABLE WORDS
    $400 13
Rudolph Giuliani

Mary Beth
    $400 3
Malcolm in the Middle

Victor
    $400 8
(Victor: What are dwarfs?)

giants

LauraVictor
    $400 11
Apple

Laura
    $400 1
optimistic

Mary Beth
    $800 14
Stephen King

Mary Beth
    $800 4
Welcome Back, Kotter

Mary Beth
    $800 22
Sirius

Laura
    $800 12
(Alex: Not quickly enough, Mary Beth.)

Tandy

Triple Stumper
    $800 2
acupuncture

Victor
    $1200 15
Hannibal Lecter

Triple Stumper
    $1200 5
Barney Miller

Mary Beth
    $2,000 23
(Laura: What is a twin star?)
(Alex: Ooh, sorry, Laura. That's incorrect. We would have accepted [*], but we could find no record of twin stars.)

a double star or a binary star

Laura
    $1200 19
VAIO

Victor
    $1200 28
Rigoletto

Laura
    $1200 9
(Mary Beth: What's an oddsmaker?)

handicapper

Mary Beth
Triple Stumper
    $1,200 16
(Mary Beth: Who is...I don't know.)

Bob Woodward

Mary Beth
    $1600 6
The Jeffersons

Triple Stumper
    $1600 24
(Mary Beth: What's Orion?)

Arcturus

Mary Beth
Triple Stumper
    $1600 20
(Seymour) Cray

Mary Beth
    $1600 27
(Alex: I'm not sure opera belongs in a lounge, but you want to try it again?)

Madama Butterfly

Triple Stumper
    $1600 10
a diagnostic

Victor
    $2000 17
string theory

Laura
    $2000 7
The Bob Newhart Show

Triple Stumper
    $2000 25
(Mary Beth: What are the Northern Lights?)

Crown

Mary Beth
Triple Stumper
    $2000 21
MANIAC

Triple Stumper
    $2000 26
Lucia di Lammermoor

Triple Stumper
    $2000 18
initiative

Laura

Scores at the end of the Double Jeopardy! Round:

Laura Mary Beth Victor
$10,000 $1,000 $8,800

[wagering suggestions for these scores]

Final Jeopardy! Round responses

EUROPEAN HISTORY
(Alex: No, he was a little worried about [*].)
Mary BethWhat is ?
$0
VictorWhat is Poland?
$8,500
LauraWhat is Denmark?
$7,601
Austria

Final scores:

Laura Mary Beth Victor
$2,399 $1,000 $300
2-day champion: $7,199 2nd place: $2,000 3rd place: $1,000

Game dynamics:

Coryat scores:

Laura Mary Beth Victor
$12,000 $2,200 $9,800
15 R,
1 W
(including 1 DD)
12 R,
7 W
(including 1 DD)
16 R,
3 W
(including 1 DD)

Combined Coryat: $24,000

[game clues] [game scores] [suggest correction]

Game tape date: 2007-02-06
The J! Archive is created by fans, for fans. Scraping, republication, monetization, and malicious use prohibited; this site may use cookies and collect identifying information. See terms. The Jeopardy! game show and all elements thereof, including but not limited to copyright and trademark thereto, are the property of Jeopardy Productions, Inc. and are protected under law. This website is not affiliated with, sponsored by, or operated by Jeopardy Productions, Inc. Join the discussion at JBoard.tv.